| 000 | 01302naa a22003257a 4500 | ||
|---|---|---|---|
| 001 | BR8204856 | ||
| 003 | BR-BrBNA | ||
| 005 | 20250721143210.0 | ||
| 007 | ta | ||
| 008 | 250630b bl.|||m| |||| 00| 0 por d | ||
| 040 |
_aBR-BrBNA _bpor _cBiblioteca Nacional de Agricultura |
||
| 041 | _a(Pt) | ||
| 072 |
_aF22; F24 _b/G514 |
||
| 090 | _aF22 BR8204856 | ||
| 100 | 1 | _aMacedo, E.L. da R. | |
| 245 | 1 | _aFolha SF. 21 Campo Grande: 3 - Pedologia, levantamento exploratorio de solos [Mato Grosso do Sul, Brasil] | |
| 500 | _aFolha SF. 21 Campo Grande. Geologia, geomorfologia, pedologia, vegetacao e uso potencial da terra Rio de Janeiro, RJ (Brasil): 1982. p. 185-280 [10 illus.; 20 tables; Summaries (En, Pt)] (BR8204856-AMS) | ||
| 773 | 0 |
_tFolha SF. 21 Campo Grande. Geologia, geomorfologia, pedologia, vegetacao e uso potencial da terra _wF22 BR8204856 _gRio de Janeiro, RJ (Brasil), 1982. p. 185-280 |
|
| 650 | _aSOLO | ||
| 650 | _aPEDOLOGIA | ||
| 650 | _aANALISE DO SOLO | ||
| 650 | _aRECONHECIMENTO DO SOLO | ||
| 650 | _aPERFIL DO SOLO | ||
| 650 | _aTEXTURA DO SOLO | ||
| 650 | _aCAMPO GRANDE | ||
| 650 | _aMATO GROSSO DO SUL | ||
| 490 |
_aLevantamento de Recursos Naturais - Projeto RADAMBRASIL (Brazil) _vv. 28 |
||
| 942 |
_cAMS _2AGRIS |
||
| 909 |
_a202506 _bLúcia _c55 _dLúcia Elande |
||
| 999 |
_c334297 _d334297 |
||